LEADER 01245nam a2200265 i 4500 001 000000031596 003 CaOOAMICUS 005 20230405135519.0 008 180830s1773 xxk u000 u fre u 040 $aSeMil$bita 100 1 $aBayle, Pierre,$d<1647-1706>.$0(OLS)http://semarc/name/11642 245 10$aAnalyse raisonnée de Bayle, ou Abrégé méthodique de ses ouvrages, particulierement de son Dictionnaire historique et critique, dont les remarques ont ete fondues dans le texte, pour former un corps ... Tome 1. [-8.]. 260 $aA Londres :$b[s.n.],$c1773. 300 $a8 v. ;$c12°. 774 0 $tTome 1.$g1$w()239814 774 0 $tTome 2.$g2$w()239815 774 0 $tTome 3.$g3$w()239816 774 0 $tTome 4.$g4$w()239817 774 0 $tTome 5.$g5$w()239818 774 0 $tTome 6.$g6$w()239819 774 0 $tTome 7.$g7$w()239820 774 0 $tTome 8.$g8$w()239821 996 $6245$aAnalyse raisonnée de Bayle, ou Abrégé méthodique de ses ouvrages, particulierement de son Dictionnaire historique et critique, dont les remarques ont ete fondues dans le texte, pour former un corps ... Tome 1. [-8.]$9(OLS)http://semarc/title/42899 996 $6260$aA Londres :$b[s.n.]$9(OLS)http://semarc/publisher/37270 LEADER 00848nam a2200193 i 4500 001 000000187349 003 CaOOAMICUS 005 20100315000000.0 008 100315s1905 it u000 u ita u 013 $a165416 040 $aSeMil$bita 245 10$aVol. 2. 260 $aBrescia :$bTip. e libreria vescovile Queriniana,$c1905. 300 $a733 p. ;$c22 cm. 773 0 $aLe Camus, Émile <1839-1906>$tVita di N. S. Gesù Cristo.$b2. ed. italiana sulla 6. ed. francese interamente riveduta e più copiosamente annotata.$dBrescia : Tip. e libreria vescovile Queriniana, 1905.$w()23131 850 $aSeMil 852 $aSeMil$W1$xVenegono$y1$m2X III 59$j138036$B138036$CSeMilBibl$Z2$F149508 $81 996 $6245$aVol. 2$9(OLS)http://semarc/title/13458 996 $6260$aBrescia :$bTip. e libreria vescovile Queriniana$9(OLS)http://semarc/publisher/49997